Guess the countries from Google Earth (impossible) - Statistics

General Stats
  • This quiz has been taken 37 times
  • The average score is 6 of 12
Answer Stats
Picture Answer % Correct
Trinidad and Tobago
100%
Barbados
77%
Saint Lucia
73%
Turkmenistan
73%
America
70%
Seychelles
57%
Fiji
53%
Lesotho
43%
Equatorial-guinea
33%
Tonga
33%
Cambodia
10%
Chile
10%
No matching quizzes found
Score Distribution
Percent of People with Each Score
Percentile by Number Answered
Your Score History
You have not taken this quiz